000 00255nam a22001217a 4500
008 170502b xxu||||| |||| 00| 0 eng d
041 _aeng
080 _a342
100 _a14
101 _aSHJ
245 _aART OF ADVOCACY
_cSMITH, L.J
942 _2udc
_cBK
999 _c12357
_d12357